| 000 | 00477nam a2200169Ia 4500 | ||
|---|---|---|---|
| 003 | OSt | ||
| 005 | 20200125115737.0 | ||
| 008 | 190216s9999||||xx |||||||||||||| ||und|| | ||
| 040 | _coclc | ||
| 082 |
_a332.10954 _bRAM/T |
||
| 100 |
_aRaman, B S _91102 |
||
| 245 | 0 |
_aTheory And Practice Of Banking / _cB S Raman |
|
| 260 |
_bUnited Pub, _c2001. _aMangalore: |
||
| 300 | _a799p | ||
| 650 | _aBanking | ||
| 942 |
_cBK _2ddc _h332.10954 _iRAM/T _k332.10954 _mRAM/T |
||
| 999 |
_c6403 _d6403 |
||